1830 1836 1947 1912 1696 1821 1450 1958 1747 1600 1027 1124 1428 1961 1151 1921 1796 1693 1125 1653 1307 1182 1741 1411 1165 1632 1207 1390 1894 1059 1914 1025 1736 1453 1323 1683 1579 1387 1005 1808 1809 1364 1195 1652 1105 1134 1692 1730 1878 1289 1288 1831 1838 1186 1015 1014 1433 1841 1132 1717 1203 1257 1011 1322 1169 1090 1584 1323 1138 1265 1503 1979 1658 1564 1312 1028 1132 1410 1272 1032 1344 1899 1043 1350 1732 1336 1897 1171 1134 1345 1015 1962 1660 1291 1104 1374 1447 1377 1495 BCNSPRNW ULIB Ver.6.0+V

เปลี่ยนเป็นภาษาไทย

Change to English
 แสดงรายละเอียดบรรณานุกรม
  กลับหน้าหลัก

Brief Record : Get Marc (ISO 2709) : E-mail record : QR code < ปิดหน้าต่าง
LEADER : 00000nas 2200000uu 4500
001    13399128332
003     ULIB
008    230613s2566||||th 000 0 tha d
022 0  01251996
245 00 ^aบ้านและสวน (วิทยาเขตสวรรค์ประชารักษ์)
310    ^aรายเดือน
850 ^a ULIB^bฉบับที่ 561 ปีที่ 47 ฉ.1 ;ฉบับที่ 562 ปีที่ 47 ฉ.1 ;ฉบับที่ 563 ปีที่ 47 ฉ.1 ;ฉบับที่ 564 ปีที่ 47 ฉ.1 ;ฉบับที่ 565 ปีที่ 48 ฉ.1
945    ^p130^l0^i906139
945    ^p130^l0^i906140
945    ^p130^l0^i906159
945    ^p130^l0^i906182
945    ^p130^l0^i906201
999    ^aประนอม เกษจรัล
รายการนี้ยังไม่มีแท็ก
คุณยังไม่ได้ล็อกอิน คุณสามารถมีกิจกรรมร่วมกับเว็บไซต์ได้ แต่ต้องล็อกอินก่อน ::
  ล็อกอิน

รายการสื่อสารสนเทศ (วารสาร)

ดูแบบ: กล่อง รายการ
ARRIVED
ฉบับที่ 561 ปีที่ 47 ฉ.1
สถานที่: ห้องสมุดวิทยาเขตสวรรค์ประชารักษ์ >วารสาร
ARRIVED
ฉบับที่ 562 ปีที่ 47 ฉ.1
สถานที่: ห้องสมุดวิทยาเขตสวรรค์ประชารักษ์ >วารสาร
ARRIVED
ฉบับที่ 563 ปีที่ 47 ฉ.1
สถานที่: ห้องสมุดวิทยาเขตสวรรค์ประชารักษ์ >วารสาร
ARRIVED
ฉบับที่ 564 ปีที่ 47 ฉ.1
สถานที่: ห้องสมุดวิทยาเขตสวรรค์ประชารักษ์ >วารสาร
ARRIVED
ฉบับที่ 565 ปีที่ 48 ฉ.1
สถานที่: ห้องสมุดวิทยาเขตสวรรค์ประชารักษ์ >วารสาร

BibComment


ยังไม่เคยถูกคอมเมนท์

คอมเมนท์ทรัพยากรรายการนี้
  คอมเมนท์: บ้านและสวน วิทยา..


 Copyright 2026. Bcnsprnw @Library